000 01050nam a2200253 i 4500
003 DO-SdBNP
005 20250129132421.0
007 ta
008 231127e1994 dr a|||| |||| 00| 0 spa d
040 _aDO-SdBNP
_bspa
_cBNPHU
_erda
082 4 _a371.146
_bU58p
_222
110 1 _aUniversidad Autónoma de Santo Domingo
_972951
245 1 0 _aPrograma nacional de capacitación de los maestros de la educación básica :
_bmaterial de apoyo del área de lengua española, matemática, ciencias sociales, ciencias naturales
264 1 _aSanto Domingo :
_bBM :
_bDepartamento de Pedagogía, Facultad de Humanidades,
_c[1994].
300 _a291 páginas :
_bIlustraciones ;
_c27 cm.
336 _atexto
_btxt
_2rdacontent
337 _asin mediación
_bn
_2rdamedia
338 _avolumen
_bnc
_2rdacarrier
504 _aBibliografía : páginas 25 - 62 - 96.
590 _aInventariado 2023 / MF
710 _aRepública Dominicana
_bSecretaría de Estado de Educación, Bellas Artes y Cultos
_957502
710 2 _aBanco Mundial
_932071
942 _2ddc
_cLBS1
999 _c55590
_d55590